000 01166nam0a2200277 4500
001 RU\NLR\bibl\590631
005 20260608063006.0
010 _a5-699-07358-2
_94100
021 _aRU
_b2004-68335
_93367
035 _a(NLR Aleph) 000582603
090 _a1662309
_c1662309
100 _a20041227d2004 |||y0rusy50 ca
101 1 _arus
_ceng
102 _aRU
105 _ay |||||||||
200 1 _aДядя Динамит
_e[Роман. Рассказы]
_fПэлем Грэнвил Вудхауз
_g[Пер. с англ. Н. Трауберг]
210 _aМ.
_cЭксмо
_d2004
215 _a318, [1] с.
_d17
327 1 _aСодерж.: Дядя Динамит: Роман; Рассказы: Дядя Фред посещает свои угодья; Бинго и пекинесы; Гроза миновала; Мой малыш; Несколько слов о юморе
686 _aШ6(4Вл)67-44{Лх1298.1-45}
700 1 _4070
_7ca
_8rus
_aВудхаус
_bП. Г.
_f1881-1975
_gПелем Гренвилл
_9120643
_3RU\NLR\auth\7710880
801 0 _aRU
_bNLR
_c20041227
_gPSBO
801 1 _aRU
_bNLR
_c20041227
942 _cBOOK
980 _aNB